01076nabaa22002057a 4500003000400000005001700004008004100021040000700062100003100069245009200100300001100192500003700203505032900240505008900569650002700658650002700685650001500712650002300727773012000750OSt20260125013316.0190701b xxu||||| |||| 00| 0 spa d cPJ aFlores, Álvaro Bautista 10aContratos públicos y "Ley Bases" :balgunas reflexiones /cÁlvaro Bautista Flores.  ap. 201 aCita: TR LALEY AR/DOC/2152/2024  aSumario: I. Cuestiones previas. Aclaraciones preliminares.— II. La declaración de emergencia. Antecedentes. El principio de conservación o continuidad de los contratos.— III. La "fuerza mayor en los contratos vigentes".— IV. La "reconducción" contractual.— V. El RIGI y su impacto en los contratos públicos.  t¿Te interesa el texto completo? Comunicate al correo: koha@justierradelfuego.gov.ar 0aDERECHO ADMINISTRATIVO 0aADMINISTRACION PUBLICA 0aCONTRATOS  0aREFORMA DEL ESTADO0 02842dBuenos Aires : AbeledoPerrot, 2012-oDA121tDerecho administrativo. Nº 155 septiembre/octubre 2024z18510590